| 000 | 00758nam a22002177a 4500 | ||
|---|---|---|---|
| 999 |
_c13259 _d13259 |
||
| 003 | MIRAKIL | ||
| 005 | 20190517173309.0 | ||
| 008 | 190517b tu ||||| |||| 00| 0 tur d | ||
| 020 | _a9786053329015 | ||
| 040 |
_aTR-AnCHP _cTR-AnCHP |
||
| 041 | _atur | ||
| 082 |
_a891.733 _bT64s 2016 |
||
| 100 | 1 | _aTolstoy, Lev | |
| 245 | 1 | 0 |
_aSavaş ve barış / _cLev Tolstoy ; Rusça aslından çeviren: Tansu Akgün |
| 260 |
_aİstanbul : _bTürkiye İş Bankası Kültür Yayınları, _c2016. |
||
| 300 |
_ac. <2> 904 s.: _c22 sm. |
||
| 490 | 0 |
_aTürkiye İş Bankası Kültür Yayınları ; _aHasan Âli Yücel klasikler dizisi ; _vgenel yayın: 3678. _v300. |
|
| 650 | 0 |
_95112 _aRus Edebiyatı _xRoman |
|
| 700 |
_95769 _aAkgün, Tansu _eçev. |
||
| 942 |
_2ddc _cBKS |
||